000 00593nam a2200217Ia 4500
003 OSt
005 20220926040239.0
006 a|||||r|||| 00| 0
007 ta
008 220923b |||||||| |||| 00| 0 eng d
037 _cGeneral Book
040 _aRTL
_cRTL
_beng
041 _2eng
_aeng
082 _aX:8F.3.M00<--J43, K3
100 _aYamey B S
_9129599
245 0 _aAccounting in England and Scotland 1543-1800
_bDoubl
260 _c1963
650 _aAccounting
_9151506
942 _hX:8F.3.M00<--J43, K3
_cGB
_2CC
999 _c664300
_d664300